Language Quiz

Random Language or Latin Quiz
Score 0/47 Timer 10:00
0 Plays Today
Latin English % Correct
ops, opis (f)power
100%
oriēns, orientis (m)east
100%
os, ossis (n)bone
100%
pānis, pānis (m)bread
100%
passus, passūs (m)step
100%
patrēs cōnscrīptī, patrum cōnscrīptōrum (m pl)senators
100%
patrōnus, patrōnī (m)defender
100%
permittō, permittere, permīsī, permissumallow
100%
philosophus, philosophī (m)philosopher
100%
pietās, pietātis (f)piety
100%
pius, pia, piumpious
100%
pīlum, pīlī (n)javelin
100%
pingō, pingere, pīnxī, pictumpaint
100%
ōra, ōrae (f)border
93.8%
orior, orīrī, ortus sumrise
93.8%
passimhere and there
93.8%
paternus, paterna, paternumpaternal
93.8%
pendeō, pendēre, pependīhang
93.8%
perpetuus, perpetua, perpetuumperpetual
93.8%
opes, opum (f pl)resources
87.5%
optō, optāre, optāvī, optātumchoose
87.5%
ovis, ovis (f)sheep
87.5%
pactum, pactī (n)agreement
87.5%
pariterequally
87.5%
Latin English % Correct
partimpartly
87.5%
perītus, perīta, perītumexperienced
87.5%
patrius, patria, patriumhereditary
81.3%
pecus, pecoris (n)herd
81.3%
permaneō, permanēre, permānsī, permānsumcontinue
81.3%
pāgus, pāgī (m)village
75%
pavor, pavōris (m)panic
75%
opportūnus, opportūna, opportūnumconvenient
68.8%
pābulum, pābulī (n)fodder
68.8%
pācō, pācāre, pācāvī, pācātumpacify
68.8%
palūs, palūdis (f)marsh
68.8%
piger, pigra, pigrumunwilling
68.8%
pābulor, pābulārī, pābulātus sumforage
62.5%
paveō, pavēre, pāvīquake
62.5%
persequor, persequī, persecūtus sumfollow through
62.5%
pestis, pestis (f)destruction
62.5%
perniciēs, perniciēī (f)destruction
56.3%
pergō, pergere, perrēxī, perrēctumgo straight on
50%
pertimēscō, pertimēscere, pertimuībecome very frightened
50%
pariō, parere, peperī, paritum/partumproduce
43.8%
perspiciō, perspicere, perspexī, perspectumlook closely at
37.5%
perturbō, perturbāre, perturbāvī, perturbātumthrow inconfusion
37.5%
perferō, perferre, pertulī, perlātumendure the end
31.3%

You're not logged in!

Compare scores with friends on all Sporcle quizzes.
OR
Log In

Sporcle TV

Today on Sporcle TV


Watch our educational content, quiz creation guides, and fun videos on Sporcle TV.

Show Comments

Extras

Created Dec 10, 2012ReportNominate
Tags:Latin Quiz, English, page

Top Quizzes Today


Score Distribution

Paid Content

Your Account Isn't Verified!

In order to create a playlist on Sporcle, you need to verify the email address you used during registration. Go to your Sporcle Settings to finish the process.

Report this User

Report this user for behavior that violates our Community Guidelines.

Details: